[Event "EU-ch 6th"]
[Site "Warsaw"]
[Date "2005.06.23"]
[Round "6"]
[White "Sulskis, Sarunas"]
[Black "Michalczak, Thomas"]
[Result "1-0"]
[WhiteElo "2545"]
[BlackElo "2369"]
[Annotator "Huzman,A"]
[PlyCount "41"]
[EventDate "2005.06.18"]
[EventType "swiss"]
[EventRounds "13"]
[EventCountry "POL"]
[SourceTitle "CBM 108"]
[Source "ChessBase"]
[SourceDate "2005.09.26"]
[SourceVersion "1"]
[SourceVersionDate "2005.09.26"]
[SourceQuality "1"]

1. e4 e5 2. Nf3 Nf6 3. Nxe5 d6 4. Nxf7 Kxf7 5. d4 c5 6. Bc4+ d5 7. exd5 Bd6 8.
O-O cxd4 (8... Re8 9. Nc3 (9. dxc5 Bxc5 10. Nc3 (10. Bg5 Bd6 (10... Qd6 11.
Bxf6 Qxf6 12. d6+ Kf8 13. Qd5 Bxd6 14. Qg8+ Ke7 15. Re1+ Be5 16. Qd5 Nc6 $13 {
0-1 Beaver,M-Pinter,A/TH-Trio 1996 (32)}) 11. Nc3 a6 12. Re1 Rxe1+ 13. Qxe1 Bf5
14. h3 h6 15. Bh4 g5 16. Bg3 Bxg3 17. fxg3 Qd6 18. Qf1 Bxc2 19. Re1 Nbd7 20.
Re6 Qc5+ 21. Kh2 Rc8 $17 {1/2-1/2 Rachez,P-Routier,L/France 2004/EXT 2005 (31)}
) 10... Bg4 11. Qd3 Nbd7 12. Bf4 Ne5 13. Bxe5 Rxe5 14. Rae1 Qe8 $15 {
Jandemirov-Plisetsky/Moskau/1995/}) (9. Be3 Bg4 10. Qd3 cxd4 11. Qxd4 Re4 $17 {
0-1 Harju,A-Blees,G/ICCF-Cup corr 1994/Corr 2000 (27)}) (9. Bg5 cxd4 10. Qxd4
Be5 11. d6+ Kf8 12. Qc5 Bxd6 $17 {0-1 Daniels,C-Dearnley,A/WCCF WWO96 1993/
Corr 2002 (55)}) (9. h3 cxd4 10. Nd2 Nbd7 11. Nf3 Ne5 12. Ng5+ Kf8 $17 {
1-0 Moeldner,J-Hoegerl,G/Wittlich 1997/EXT 2000 (37)}) 9... Bg4 10. f3 (10. Qd3
cxd4 11. Qxd4 Nbd7 12. Be3 Be5 13. Qd2 Rc8 $15 {1-0 Voith,W-Kiefel,A/
Regensburg 1997/EXT 2001 (28)}) 10... Bf5 11. dxc5 Bxc5+ 12. Kh1 Bd6 (12... Kg8
$5) 13. Nb5 Kg8 14. Bg5 a6 15. Nd4 $44 {1-0 Stellwagen,D-Smirnov,I/Heraklio
2002/CBM 91 ext (39)}) (8... Qc7 9. Bg5 Bg4 10. Qd3 cxd4 11. Bxf6 gxf6 12. Qxd4
Bf5 13. Nd2 Nd7 14. Nf3 Rag8 $17 {1-0 Pritchard,D-Rawlinson,A/Telford 2004/CBM
103 ext (36)}) (8... Bg4 9. f3 Bf5 10. Bg5 cxd4 11. c3 Nbd7 12. cxd4 Bxh2+ 13.
Kxh2 Qc7+ 14. d6+ Qxc4 $19 {0-1 McIntosh,R-Krishnamurthy,P/IECC 2002/Telechess
CBM 97 (28)}) 9. Qxd4 Bf5 (9... Re8 10. Nc3 Bf5 11. Bg5 Nbd7 12. Rae1 a6 13.
Re6 Nc5 14. Rfe1 Nxe6 15. dxe6+ Kg6 $19 {0-1 Jordan,J-Schwartzman,G/Val
Thorens 1991/EXT 99 (24)}) 10. Bf4 (10. Nc3 a6 11. Bf4 Qc7 12. Rfe1 Rc8 13. Bb3
Kf8 14. Re5 Bxe5 15. Bxe5 Qf7 16. Qf4 Qg6 17. d6 Nbd7 $17 {0-1 Valverde
Fuentes,R-Barrios,C/San Jose 2001/CBM 82 ext (30)}) 10... Re8 11. Nc3 a6 12.
Rae1 {White's plan is connected with the penetration Re1-e6. After this the
blocade of the Pd5 will be destroyed and the Bc4 will play the decisive role
in White's attack.} Rxe1 (12... Kg8 13. Rxe8+ Nxe8 14. Re1 b5 15. Bb3 Nd7 16.
a4 (16. g4 $5 Qh4 $1 (16... Bxf4 17. Qxf4 Bg6 18. d6+ Kh8 19. g5 $1 $16) 17.
Bg3 Qxg4 18. Qxg4 Bxg4 19. Rxe8+ Rxe8 20. Bxd6 Bf3 21. h3 h5 $132) 16... Qf6
17. Qxf6 Ndxf6 18. Bg3 Bxg3 19. hxg3 Nd6 $17 {0-1 Mestrovic,Z-Howell,J/Cannes
op 1995/OPN, C42 (48)}) (12... Bxc2 13. Re6 (13. Bxd6 Qxd6 14. Re6 Qd8 15. Rfe1
b5 16. Rxe8 Nxe8 17. d6+ bxc4 18. Qd5+ Kf8 19. Qxa8 Qxd6 $11) 13... Bxf4 14.
Qxf4 b5 15. Rfe1 Kg8 (15... Rf8 16. d6 $1 bxc4 17. Qxc4 Kg6 18. Qg4+ Kh6 19.
Qh4+ Kg6 20. Qg3+ Kh6 21. f4 g6 22. Re7 $18) 16. Qxf6 Qxf6 17. Rxe8+ Kf7 18.
d6+ bxc4 19. R1e7+ Kg6 20. Re6 Qxe6 21. Rxe6+ Kf7 22. Re7+ Kf8 23. Rc7 Bf5 24.
Rxc4 Be6 $11) 13. Rxe1 Qc7 (13... Bxc2 14. Bxd6 Qxd6 15. Re6 Qd8 16. d6 Kf8 17.
d7 $1 Qxd7 18. Qc5+ $18) (13... Kf8 $140 14. Bxd6+ (14. Bd3 Bxd3 15. Bxd6+ Qxd6
16. Re6 Qc7 17. Qxd3 Nbd7 $11) 14... Qxd6 15. Re5 $4 Nc6 $1 $19) 14. Bxd6 Qxd6
15. Re5 $1 Bxc2 $2 (15... Bc8 16. Bb3 Nbd7 17. Re6 Qc5 18. Qf4 $16) 16. Re6 {
[%mdl 4] Black didn't prevent White's idea and his position is hopeless now.}
Qd8 (16... Qd7 17. d6 Qxe6 18. Bxe6+ Kxe6 19. Qc4+ Kxd6 20. Qc8 $1 $18) 17. d6
{[%mdl 32]} Kf8 18. Nd5 $1 Nc6 (18... Nbd7 19. Nxf6 Nxf6 (19... gxf6 20. Qd2
$18) 20. d7 $1 $18) 19. Qf4 $1 Bg6 20. Nxf6 gxf6 21. Qh6+ 1-0

[Event "EU-ch 6th"]
[Site "Warsaw"]
[Date "2005.06.22"]
[Round "5"]
[White "Kritz, Leonid"]
[Black "Macieja, Bartlomiej"]
[Result "1/2-1/2"]
[WhiteElo "2549"]
[BlackElo "2613"]
[Annotator "Huzman,A"]
[PlyCount "54"]
[EventDate "2005.06.18"]
[EventType "swiss"]
[EventRounds "13"]
[EventCountry "POL"]
[SourceTitle "CBM 108"]
[Source "ChessBase"]
[SourceDate "2005.09.26"]
[SourceVersion "1"]
[SourceVersionDate "2005.09.26"]
[SourceQuality "1"]

1. e4 e5 2. Nf3 Nf6 3. Nxe5 d6 4. Nf3 Nxe4 5. d4 d5 6. Bd3 Nc6 7. O-O Be7 8. c4
Nb4 9. Re1 Nxd3 10. Qxd3 c6 11. cxd5 cxd5 12. Qb5+ Qd7 13. Qb3 O-O 14. Nc3 Nxc3
15. bxc3 Bf6 16. Ba3 (16. Bg5 Bxg5 17. Nxg5 h6 18. Nf3 Qd6 19. Ne5 b6 20. Re3
Bf5 21. Rae1 Rac8 22. g4 Bh7 23. Nf3 Rc7 $11 {1-0 Sadvakasov,D-Karpov,A/Astana
KAZ 2004/(39)}) 16... Rd8 17. Re3 Qc6 (17... Qc7 $142 18. Qxd5 Be6 19. Qb5 h6 (
19... Rd5 20. Qe2 Rdd8 21. Re1 h6 22. Bb4 b6 23. a4 a5 24. Ba3 $14 {1/2-1/2
Delooz,P-Hauschild,A/Chessfriend.com 2003/Telechess CBM 95 (58)}) (19... Rac8
20. Rae1 h6 21. Qe2 b6 22. Rd1 Qc6 $44 {1/2-1/2 Leventic,I-Jovanic,O/Zagreb
CRO 2004/(54)}) 20. h3 Rac8 21. Qb2 b6 22. Rae1 Qc4 23. R1e2 Qa4 24. Kh2 Rd5
25. Bb4 {1/2-1/2 Topalov,V-Adams,M/Dortmund 82/(286) 2001 (25)}) 18. Be7 Re8
19. Rae1 Rxe7 (19... Bxe7 20. Rxe7 Bd7 21. h3 f6 22. Qa3 a6 23. Nd2 Rxe7 24.
Rxe7 Re8 25. Nf1 Rxe7 26. Qxe7 Qe6 $11 {Topalov,V-Kramnik,V/Las Vegas (m/1) 76/
(299) 1999/(26)}) 20. Rxe7 Bxe7 21. Rxe7 f6 $1 {[%mdl 256] Black's position
looks very dangerous but neutralise White's initiative by precise defence.} 22.
Ne1 (22. Nd2 b6 23. Nf1 (23. c4 Be6 24. cxd5 Bxd5 25. Qg3 g6 26. Qh4 Bf7 $11)
23... Be6 24. Ne3 a5 $11) 22... b6 23. c4 $1 (23. Nd3 Be6 24. Nf4 Bf7 $11)
23... Be6 $1 (23... dxc4 24. Qg3 g5 25. h4 $40) 24. Qg3 (24. Qe3 Bf7 25. c5
bxc5 26. dxc5 a5 {[%cal Ya8c8]} 27. Nd3 (27. h3 Rc8 28. Nd3 Qa4 $1 $132 (28...
Bg6 29. Nf4 Bf7 30. Ne6 Bxe6 31. Rxe6 Qd7 32. Re7 $16)) 27... Qa4 $132) 24...
Bf7 25. cxd5 Qxd5 26. Rxa7 Re8 $11 27. Nf3 Qxd4 1/2-1/2

[Event "EU-ch 6th"]
[Site "Warsaw"]
[Date "2005.06.19"]
[Round "2"]
[White "Nisipeanu, Liviu Dieter"]
[Black "Mista, Aleksander"]
[Result "1-0"]
[WhiteElo "2670"]
[BlackElo "2497"]
[Annotator "Huzman,A"]
[PlyCount "55"]
[EventDate "2005.06.18"]
[EventType "swiss"]
[EventRounds "13"]
[EventCountry "POL"]
[SourceTitle "CBM 108"]
[Source "ChessBase"]
[SourceDate "2005.09.26"]
[SourceVersion "1"]
[SourceVersionDate "2005.09.26"]
[SourceQuality "1"]

1. e4 e5 2. Nf3 Nf6 3. Nxe5 d6 4. Nf3 Nxe4 5. d4 d5 6. Bd3 Nc6 7. O-O Be7 8.
Nc3 Nf6 (8... f5 9. Ne2 $1 {[%cal Gc2c4,Ge2f4,Gc4d5,Gf4d5]} O-O 10. c4 Be6 11.
Nf4 Bf7 12. cxd5 Bxd5 13. Nxd5 Qxd5 14. Be3 (14. Bf4 $5 Kh8 (14... Bd6 15. Rc1
Kh8 16. Bc4 Qa5 17. Bxd6 cxd6 (17... Nxd6 18. Be6 $14) 18. Qb3 Rab8 19. Rfe1
$14) (14... Bf6 15. Rc1 Kh8 16. Bc4 Qd7 17. d5 Ne7 18. Qb3 $36 Ng6) 15. Bxc7
Rac8 16. Be5 Nxe5 17. dxe5 Rfd8 18. Be2 Qe6 19. Qa4 Bc5 $44) 14... Kh8 15. Re1
Rad8 16. Qa4 f4 17. Bc1 Ng5 $15 {1-0 Grischuk,A-Gelfand,B/Bastia 2003/CBM 098/
[Huzman] (42)}) (8... Bf5 9. Re1 Nxc3 10. bxc3 Bxd3 11. Qxd3 (11. cxd3 O-O 12.
Rb1 Rb8 13. Rb2 Re8 14. Rbe2 Qd7 15. Bf4 b5 16. h3 a5 17. Qc2 a4 18. Kh2 Rf8
19. Bg3 Bd6 20. Bxd6 Qxd6+ 21. g3 b4 22. Kg2 b3 23. axb3 axb3 24. Qb2 Qg6 25.
Re3 f5 26. Nh4 Qf7 27. f4 Rb6 28. Ra1 Qh5 29. Re6 g5 30. fxg5 Qxg5 31. Nf3
Qxg3+ 32. Kxg3 {1-0 Heichal,G-Nagley,T/IECC email 1999/Corr 2002 (32)}) 11...
O-O $11 {0-1 Karjakin,S-Bologan,V/Dortmund 2004/CBM 103 (51)}) 9. h3 Nb4 10.
Bb5+ $1 {White tries to prevent the exchange of his B on d3.} (10. Re1 O-O 11.
Bf4 Nxd3 12. Qxd3 c6 13. Re3 Nh5 14. Be5 f5 15. Rae1 Rf7 16. Bh2 f4 17. Ng5 $1
$16 {1/2-1/2 Kristjansson,S-Ilincic,Z/Budapest HUN 2005/(59)}) 10... c6 (10...
Bd7 11. Bxd7+ Qxd7 12. a3 Nc6 13. Ne5 Qd8 14. Bf4 $14) 11. Be2 Bf5 (11... O-O
12. a3 Na6 13. Bxa6 bxa6 14. Ne5 $14) 12. a3 $1 Nxc2 $2 {This is, of course, a
provocation for White. Black can't save his Nc2.} (12... Na6 13. Bxa6 bxa6 14.
Ne5 Rc8 15. Ne2 O-O 16. Ng3 $36) 13. Ra2 c5 14. Bb5+ Kf8 15. dxc5 d4 16. Ne2 (
16. Bd3 Bxd3 (16... Be6 17. Ng5 Bxa2 18. Nxa2 $16) 17. Qxd3 dxc3 18. Qxc2 Bxc5
(18... Qd5 19. b4 $16) 19. bxc3 $36 {[%csl Rf8]}) 16... d3 (16... Qd5 17. b3
Qxb3 (17... Qxc5 18. Bd3 Bxd3 19. Qxd3 Rc8 20. Bg5 $18 {[%cal Gf1c1]}) (17...
d3 18. Nf4 Qxb3 19. Rb2 Qxa3 20. Bxd3 $18) 18. Rb2 Qxa3 19. Rxc2 Bxc2 20. Qxc2
Qxc5 21. Qd3 $16) 17. Nf4 d2 (17... Nd4 18. Nxd4 Qxd4 19. Be3 Qe5 20. b4 $16)
18. Bxd2 Bxc5 19. b4 $18 Nd4 20. bxc5 Nxb5 21. Rb2 Nd4 22. Nxd4 Qxd4 23. Rxb7
Be4 24. Rb4 Qe5 25. Re1 Rd8 26. Qc1 a5 27. Bc3 Qxc5 28. Bxf6 1-0

[Event "FIDE-Wch k.o."]
[Site "Moscow"]
[Date "2001.11.27"]
[Round "1.1"]
[White "Anand, Viswanathan"]
[Black "Touzane, Olivier"]
[Result "0-1"]
[WhiteElo "2770"]
[BlackElo "2368"]
[Annotator "Huzman,A"]
[PlyCount "80"]
[EventDate "2001.11.27"]
[EventType "k.o."]
[EventRounds "7"]
[EventCountry "RUS"]
[SourceTitle "CBM 086"]
[Source "ChessBase"]
[SourceDate "2002.02.05"]
[SourceVersion "1"]
[SourceVersionDate "2002.02.05"]
[SourceQuality "1"]

1. e4 {Ftacnik} e5 2. Nf3 Nf6 3. Nxe5 d6 4. Nf3 Nxe4 5. d4 d5 6. Bd3 Nc6 7. O-O
Be7 8. c4 Nf6 9. Nc3 O-O 10. Re1 Be6 11. cxd5 Nxd5 12. a3 Bf6 13. Be4 h6 14.
Bc2 Nxc3 $6 {'?' Ftacnik. Ftacnik: 'Surely a wrong decision, as white's center
will become compact and dangerous.'} (14... Nce7 15. Ne5 Bf5 16. Bb3 Be6 17.
Ne4 Bxe5 18. dxe5 b6 19. Qf3 c6 20. Bc2 Nf5 21. Rd1 $14 {Hracek,Z-Jussupow,A/
Nussloch 1996/Inf 66 (21)} Qh4 {1/2-1/2 Hracek,Z-Jussupow,A/Nussloch/1996/ (27)
}) (14... Nde7 15. Be3 Nf5 (15... Bg4 16. h3 Bh5 17. Qd3 Bg6 18. Ne4 $14 {
1/2-1/2 Huebner,R-Jussupow,A/Nussloch 1996/Inf 66/[Huebner,R] (46)} Nd5 19. Qb3
Na5 20. Qa4 Nc6 {1/2-1/2 Huebner,R-Jussupow,A/Nussloch 1996/ (46)}) 16. Ne2 (
16. Bxf5 {Lutz,Ch} Bxf5 17. d5 $11 {1/2-1/2 Nijboer,F-Jussupow,A/Essen 2001/
CBM 83/[Huzman] (19) Huzman}) 16... Qd7 17. Qd3 g6 18. Rad1 Rad8 19. Nf4 Nxe3
20. fxe3 Bf5 21. Qb3 Bxc2 22. Qxc2 Rfe8 $11 {Lutz,C-Jussupow,A/Deutschland 75/
(284) 1999/Inf 75/[Lutz,Ch] (22)}) 15. bxc3 {[%cal Gd1d3,Gc2h7]} Bc4 (15... Ne7
16. Ne5 $36) 16. Nd2 Bd5 17. Rb1 (17. Ne4 Re8 (17... Be7 {Ftacnik} 18. Qd3 f5
19. Ng3 $16) (17... Bxe4 {Ftacnik} 18. Bxe4 $14) 18. Qd3 $16 Kf8 19. Bf4 $14) (
17. Qh5 $5 Qd7 18. Ne4 $36) (17. c4 $2 {Ftacnik} Nxd4 (17... Be6 $5 {Ftacnik}))
17... Bg5 (17... Na5 {Ftacnik} 18. Ne4 $14) 18. c4 $1 (18. Bd3 {Ftacnik} Na5
$13) 18... Bxd2 19. cxd5 Bxe1 20. dxc6 Ba5 21. Qd3 (21. cxb7 Rb8 22. Qh5 $1 f5
(22... Bb6 23. Bxh6 g6 (23... Qxd4 {Ftacnik} 24. Bh7+ $1 Kxh7 25. Be3+ $18) (
23... gxh6 {Ftacnik} 24. Qxh6 f5 25. Bb3+ Rf7 26. Qg6+ Kh8 27. Bxf7 $18) 24.
Bxg6 $18) 23. Bxh6 {'!' Ftacnik.} Qe8 (23... gxh6 24. Qg6+ Kh8 25. Qxh6+ Kg8
26. Bb3+ Rf7 27. Qg6+ $18) 24. Qg5 Qd7 (24... Rf7 {Ftacnik} 25. Bb3 Kh7 26.
Bxf7 Qxf7 27. Bxg7 $1 Qxg7 28. Qxf5+ Qg6 29. Qd7+) 25. Qg3 $1 Rf6 26. Bb3+ Kf8
27. Bg5 Rb6 28. Qh3 $18) 21... g6 (21... f5 22. cxb7 Rb8 23. Qg3 (23. Rb5 Bb6
24. Rxf5 Qxd4 25. Rxf8+ Kxf8 26. Qxd4 Bxd4 27. Be4 Ke7 28. Kf1 Kd7 29. Bf4 g5
30. Bg3 Bc5 $17) 23... Rf6 24. Bf4 Rb6 25. Rxb6 Bxb6 26. Be5 Qg5 27. Bb3+ Kh7 (
27... Kf8 28. Bd6+ Ke8 29. Qe5+ Kd8 30. Bxc7+ Bxc7 31. Qd5+ Ke7 32. Qf7+ Kd8
33. Qf8+ Kd7 34. Ba4+ Ke6 35. Qc8+ $18) 28. Qxg5 hxg5 29. Bd5 $16) 22. cxb7 Rb8
23. Bxh6 Re8 24. Qf3 (24. Ba4 Re6 25. Be3 Rd6 26. Qe4 Bb6 $13) 24... Re6 $1 {
[%cal Ye6b6]} (24... Qxd4 $2 {Ftacnik} 25. Bb3 Re7 26. Bg5 Rd7 27. h3 (27. Rd1
{Ftacnik} Qe5) 27... Qc3 28. Qg4 Qd4 29. Qxd4 Rxd4 30. Be3 Rd3 31. Bc4 Rxe3 32.
fxe3 Bb6 33. Bd5 Bxe3+ 34. Kf1 $18) 25. Bb3 Rf6 26. Qg4 $6 {'?' Ftacnik.} (26.
Qe4 Rb6 $1 27. Qe5 Qf6 28. Qxa5 (28. Qxf6 {Ftacnik} Rxf6 29. Bd5 $14) 28...
R8xb7 29. Qc3 g5 $1 {[%csl Rh6]} 30. Qh3 Qg6 $17 31. Rb2 $140 Rxb3 32. Rxb3
Qb1+ 33. Rxb1 Rxb1#) 26... Rb6 $1 27. Bg5 (27. Ba2 {Ftacnik} R8xb7 28. Rxb6
Rxb6 29. Be3 $15) 27... Qe8 28. Qf3 R8xb7 $17 29. h4 Qd7 {[%cal Yd7f5]} 30. g4
(30. Qd3 {Ftacnik} Qf5 31. Qd1 Bc3 $17) (30. h5 {Ftacnik} Qf5 $19) 30... Rxb3
$1 {Simplest way to get advantage. Ftacnik: 'Sensible practical decision, the
endgame without pawn will be very unpleasant for the FIDE world champion.'} (
30... c6 {Ftacnik} 31. Kf1 Qxd4 32. Bf6 $15) 31. Rxb3 Rxb3 32. Qxb3 Qxg4+ 33.
Kf1 Qxd4 $17 34. Be3 Qa1+ 35. Kg2 Bb6 $1 36. Bxb6 (36. a4 {Ftacnik} Qe5 $17)
36... axb6 37. Qg3 Qc1 38. h5 Qc6+ $1 39. Kf1 $2 (39. f3 Qc2+ (39... Qd6 {
Ftacnik} 40. Qg5 Qxa3 41. hxg6 Qb2+ 42. Kh3 c5 43. Qd5 Qf6 $17) 40. Kf1 Qd3+
41. Kf2 Qxa3 42. hxg6 Qc5+ 43. Kf1 Qc1+ 44. Kf2 Qc2+ 45. Ke3 fxg6 $19) (39. Kg1
Qd6 40. Qg5 Kh7 $19 {[%cal Yd6a3,Yd6d1,Yd1h5]}) 39... Qh1+ 40. Ke2 Qxh5+ $19
0-1

[Event "Mario Covas 2nd"]
[Site "Santos"]
[Date "2002.02.24"]
[Round "5"]
[White "Morovic Fernandez, Ivan"]
[Black "Zarnicki, Pablo Adrian"]
[Result "1/2-1/2"]
[WhiteElo "2554"]
[BlackElo "2493"]
[Annotator "Huzman,A"]
[PlyCount "121"]
[EventDate "2002.02.20"]
[EventType "tourn"]
[EventRounds "9"]
[EventCountry "BRA"]
[EventCategory "9"]
[SourceTitle "CBM 088"]
[Source "ChessBase"]
[SourceDate "2002.03.21"]
[SourceVersion "1"]
[SourceVersionDate "2002.03.21"]
[SourceQuality "1"]

1. e4 e5 2. Nf3 Nf6 3. Nxe5 d6 4. Nf3 Nxe4 5. d4 d5 6. Bd3 Nc6 7. O-O Be7 8. c4
Nf6 9. Nc3 O-O 10. Re1 Be6 11. cxd5 Nxd5 12. a3 Bf6 13. Be4 h6 14. Bc2 Nde7 (
14... Nce7 15. Ne5 Bf5 16. Bb3 Be6 17. Ne4 Bxe5 18. dxe5 b6 19. Qf3 c6 20. Bc2
Nf5 21. Rd1 $14 {Hracek,Z-Jussupow,A/Nussloch 1996/Inf 66 (21)}) (14... Nxc3 $6
15. bxc3 Bc4 16. Nd2 Bd5 17. Rb1 Bg5 18. c4 $1 Bxd2 19. cxd5 Bxe1 20. dxc6 $44
{0-1 Anand,V-Touzane,O/Moscow 2001/CBM 86/[Huzman] (40)}) 15. Be3 Nf5 (15...
Bg4 16. h3 Bh5 17. Qd3 Bg6 18. Ne4 $14 {1/2-1/2 Huebner,R-Jussupow,A/Nussloch
1996/Inf 66/ (46)}) 16. Ne2 (16. Bxf5 Bxf5 17. d5 Ne5 18. Nxe5 Bxe5 19. Bd4 {
1/2-1/2 Nijboer,F-Jussupow,A/Essen 2001/CBM 83/[Huzman] (19)}) 16... Qd7 17.
Qd3 g6 18. Rad1 Rad8 19. Nf4 Nxe3 20. fxe3 Bf5 21. Qb3 Bxc2 22. Qxc2 Rfe8 23.
Qb3 {[%cal Gb3b7,Gb3g8,Gf4g6] This strong multifunctional move allows White to
stake out his claim for an advantage.} (23. Rc1 Re7 24. Qc5 Re4 25. Nd3 Rde8
$11 {1/2-1/2 Lutz,C-Yusupov,A/BL 98/99 Solingen-Porz sp 99/5 1999 (69)}) 23...
Na5 24. Qa2 (24. Qc3 Nc6 $11) 24... Qf5 25. Rc1 {[%cal Gc1c5,Gc5a5,Gc5f5]} (25.
b4 Nc6 26. Qc4 Re4 $36) 25... Rxe3 (25... Nc6 26. Rc5 Qe4 27. Nd5 Qe6 (27...
Bh4 28. Nxh4 Qxh4 29. g3 $18) 28. Qc4 $16) 26. Rxe3 Qxf4 27. Ree1 (27. Rce1
Bxd4 28. Nxd4 Qxd4 29. b3 $14) 27... Nc6 28. Kh1 (28. d5 Ne5 (28... Nd4 29. Rc3
$14) 29. Rc3 b5 $5 30. Rce3 Nc4 31. Re4 Qf5 $44) 28... Nxd4 29. Nxd4 Rxd4 30.
Rf1 Qd6 31. Qb3 b6 (31... Rh4 32. h3 $1 (32. g3 Rh5 33. Rf2 Kg7 34. Rcf1 Qc6+
35. Qf3 Rc5 36. b4 Qxf3+ 37. Rxf3 Rc6 $11) 32... c6 (32... b6 33. Qf3 $16) 33.
Rcd1 (33. Qxb7 Rxh3+ 34. gxh3 Qd5+ 35. Kh2 Be5+ 36. Kg1 Bd4+ $11) 33... Qe7 34.
Rfe1 Qc7 35. Qe3 $16) 32. Qf3 Kg7 33. Rxc7 $16 Rd5 (33... Rd3 34. Qb7 Qe6 35.
Qxa7 (35. Rc6 Qd5) 35... Rb3 36. Rc2 Rxb2 37. Rxb2 Bxb2 38. Qa6 $16 {[%csl Rb6]
[%cal Ga3a4]}) 34. Rc2 (34. Rxa7 $5 Rf5 35. Qd1 Qxd1 (35... Qd2 36. b4 Rf2 37.
Qc1 Rxg2 38. Rxf7+ $1 Kxf7 39. Qc7+ Kg8 40. Qc8+ Kh7 41. Qb7+ $18) 36. Rxd1
Bxb2 37. a4 $16) 34... Rf5 35. Qe2 Re5 36. Qf2 Rf5 37. Qe1 Rh5 38. h3 Re5 39.
Re2 Rxe2 40. Qxe2 h5 41. b4 (41. Qf3 $5) 41... a5 42. bxa5 bxa5 43. Qf3 h4 $1 {
[%csl Rh1] White can't possibly force the Q-exchange, and Black therefore,
will always have a sufficient counterplay against the underprotected white K.}
44. Qf4 Qc6 45. a4 Qc3 46. Qf3 Qd4 47. Qf4 Qc3 48. Qf3 Qd4 49. Qb3 Qe5 50. Qc4
Qe3 51. Rf3 Qe1+ 52. Rf1 Qe3 53. Rf3 Qe1+ 54. Qf1 Qe5 55. Rb3 Qd4 56. Rf3 Qe5
57. Rf4 Qc3 58. Re4 Qg3 59. Qf3 Qc7 60. Re1 Qc4 61. Rf1 1/2-1/2

[Event "Dortmund SuperGM"]
[Site "Dortmund"]
[Date "2001.07.13"]
[Round "2"]
[White "Anand, Viswanathan"]
[Black "Adams, Michael"]
[Result "1/2-1/2"]
[WhiteElo "2794"]
[BlackElo "2744"]
[Annotator "Huzman,A"]
[PlyCount "41"]
[EventDate "2001.07.12"]
[EventType "tourn"]
[EventRounds "10"]
[EventCountry "GER"]
[EventCategory "21"]
[SourceTitle "CBM 085"]
[Source "ChessBase"]
[SourceDate "2001.11.13"]
[SourceVersion "1"]
[SourceVersionDate "2001.11.13"]
[SourceQuality "1"]

1. e4 e5 2. Nf3 Nf6 3. Nxe5 d6 4. Nf3 Nxe4 5. d4 d5 6. Bd3 Nc6 7. O-O Be7 8. c4
Nb4 9. Be2 O-O 10. Nc3 Be6 11. Ne5 f6 12. Nf3 Kh8 13. cxd5 Nxc3 14. bxc3 Nxd5
15. Bd3 c5 (15... Nxc3 $4 16. Qe1 $18) 16. c4 (16. Re1 Bg4 17. Bd2 cxd4 18.
cxd4 Qd7 $15) 16... Nb4 17. d5 Nxd3 18. Qxd3 Bd6 $1 {This move is a strong
improvement of the game Leko,P-Adams,M 2001.Black block the passed pawn d6,
occupy diagonal b8-h2 and preserve pair of bishops.It is clear now that White
couldn't pretend for an advantage.} (18... Bf7 19. Bf4 Bd6 20. Bxd6 Qxd6 21.
Nh4 (21. a4 $5) 21... b5 22. cxb5 Qxd5 23. Qxd5 Bxd5 24. Rfc1 $14 {1-0 Leko,
P-Adams,M/Dortmund GER 2001/ (49)}) (18... b5 19. Re1 Bg8 20. cxb5 Qd7 21. Bf4
$16) 19. Qb3 Bg4 20. h3 Bh5 21. a4 1/2-1/2

[Event "Mario Covas 2nd"]
[Site "Santos"]
[Date "2002.02.20"]
[Round "1"]
[White "Milos, Gilberto"]
[Black "Zarnicki, Pablo Adrian"]
[Result "1/2-1/2"]
[WhiteElo "2580"]
[BlackElo "2493"]
[Annotator "Huzman,A"]
[PlyCount "46"]
[EventDate "2002.02.20"]
[EventType "tourn"]
[EventRounds "9"]
[EventCountry "BRA"]
[EventCategory "9"]
[SourceTitle "CBM 088"]
[Source "ChessBase"]
[SourceDate "2002.03.21"]
[SourceVersion "1"]
[SourceVersionDate "2002.03.21"]
[SourceQuality "1"]

1. e4 e5 2. Nf3 Nf6 3. Nxe5 d6 4. Nf3 Nxe4 5. d4 d5 6. Bd3 Nc6 7. O-O Be7 8. c4
Nf6 9. Nc3 Be6 10. c5 Bg4 11. Bb5 O-O 12. Bxc6 bxc6 13. h3 Bxf3 14. Qxf3 Re8 (
14... Nd7 15. b4 Bf6 16. Qd3 a5 17. bxa5 Rxa5 18. Rd1 Qc8 19. Rb1 Re8 20. Rb3
Nf8 21. Be3 Ne6 22. a4 $14 {1-0 Socko,B-Kuczynski,R/Warsaw POL 2001 (90)}) 15.
Re1 (15. Be3 $146 Qb8 16. Rab1 Bf8 17. Rfe1 Qb4 18. a3 Qc4 19. Rbc1 Rab8 $2 {
1/2-1/2 Shirov,A-Gelfand,B/Astana 2001/CBM 84_01/[Gelfand] (37)} (19... Re6 $5
$11 {Gelfand})) 15... Nd7 {[%csl Rd4][%cal Yd7f8,Yf8e6,Ye6d4,Ye7f6,Yf6d4]} (
15... Rb8 16. Re2 Nd7 17. Qd3 Bf6 18. Rb1 Nf8 19. Rxe8 Qxe8 20. Be3 Qc8 21. b4
a6 22. Rb3 $14 {1-0 Palac,M-Pavasovic,D/Pozega 2000 (41)}) 16. Bf4 (16. Re2 Bf6
17. Qd3 Rxe2 18. Nxe2 Qb8 $5 $11 {[%cal Yb8b5]}) (16. Qd3 Nf8 (16... a5 $5 17.
Re2 Bf6 $132) 17. Qa6 Qd7 (17... Ne6 18. Be3 $14 (18. Rxe6 fxe6 19. Qxc6 Bf6
20. Nb5 Re7 21. Bf4 Qc8 $1 $11)) 18. Be3 Ne6 $132) 16... Bf6 17. Rxe8+ Qxe8 18.
Qd3 Nf8 $1 19. Bxc7 Ne6 20. Re1 Qe7 $1 21. Bg3 (21. Be5 Nxc5 22. Qd1 Ne6 $11)
21... Qb7 $11 22. Ne2 Qxb2 23. Qa6 Qd2 (23... Qd2 24. Kf1 Nxd4 25. Nxd4 Bxd4
26. Qxc6 Rf8 $132 {[%csl Re1][%cal Yd4c3]}) 1/2-1/2

[Event "Corus-B"]
[Site "Wijk aan Zee"]
[Date "2006.01.29"]
[Round "13"]
[White "Motylev, Alexander"]
[Black "Koneru, Humpy"]
[Result "1-0"]
[WhiteElo "2638"]
[BlackElo "2537"]
[Annotator "Huzman,A"]
[PlyCount "49"]
[EventDate "2006.01.14"]
[EventType "tourn"]
[EventRounds "13"]
[EventCountry "NED"]
[EventCategory "15"]
[SourceTitle "CBM 111"]
[Source "ChessBase"]
[SourceDate "2006.04.04"]
[SourceVersion "1"]
[SourceVersionDate "2006.04.04"]
[SourceQuality "1"]

1. e4 e5 2. Nf3 Nf6 3. Nxe5 d6 4. Nf3 Nxe4 5. Nc3 Nf6 6. d4 Be7 7. Bg5 O-O 8.
Qd2 c6 9. Bd3 Na6 10. a3 Nc7 (10... Re8 11. O-O-O b5 (11... Nc7 $5) 12. Bxf6
Bxf6 13. Ne4 $14 d5 (13... Be7 14. Rde1 Nc7 15. h4 $36) 14. Nxf6+ Qxf6 15. Rde1
$16 Nc7 (15... Bf5 16. Rxe8+ Rxe8 17. Re1 Rxe1+ 18. Qxe1 Be6 19. Qa5 $16) 16.
Rxe8+ Nxe8 17. Re1 Nd6 18. Ne5 Bf5 19. Nxc6 Bxd3 20. Qxd3 Qxf2 (20... Ne4 21.
f3 Qh6+ 22. Kb1 $16) 21. Qg3 $1 Qxg3 22. hxg3 Ne4 (22... Kf8 23. Re5 $18) 23.
Ne7+ Kf8 24. Nxd5 Nxg3 25. Nc7 Rb8 26. Re5 $18 h5 27. Kd2 g5 28. Ke3 f6 29.
Rxb5 Rxb5 30. Nxb5 h4 31. d5 Nf5+ 32. Kf2 g4 33. c4 a6 34. Nc3 Nd6 35. c5 Nc4
36. d6 Nxb2 37. c6 Ke8 38. Ne4 Nc4 39. d7+ Ke7 40. Nc5 {1-0 Almasi,Z-Koneru,H/
Wijk aan Zee 2006/(40)}) 11. O-O-O Bg4 (11... Ne6 12. h4 d5 13. Rde1 $36) 12.
h3 Bxf3 13. gxf3 Ne6 14. h4 Nh5 $6 (14... Nxd4 15. Bxh7+ Nxh7 16. Qxd4 d5 17.
Kb1 $36 {>>}) (14... Re8 15. Rdg1 Qa5 16. Kb1 Kh8) 15. Rdg1 d5 $4 {[%mdl 8192]}
(15... Re8 16. Bxe7 Qxe7 17. Qh6 Nf6 18. Ne4 Nxe4 19. Bxe4 g6 20. h5 $40) (
15... Nf6 16. f4 d5 17. h5 $40) 16. Bxe7 Qxe7 17. Qh6 f5 (17... Nf6 18. Rxg7+
$1 Nxg7 19. Rg1 $18) 18. Qxh5 $18 Qf6 19. Ne2 c5 20. dxc5 Rac8 21. Kb1 Rc7 22.
f4 Nxc5 23. Qf3 Rd8 24. Qe3 d4 25. Qe5 1-0